O controle coordenado da reserva do possível para o atendimento do mínimo existencial : (Record no. 912)

MARC details
000 -LÍDER
Campo Fixo de Controle 00830nam a2200253 a 4500
001 - NÚMERO DE CONTROLE
Campo de Controle 912
003 - IDENTIFICAÇÃO DO NÚMERO DE CONTROLE
Campo de Controle BR-CuiBMT
005 - DATA E HORA DA ÚLTIMA ATUALIZAÇÃO
Campo de Controle 20231122231830.0
008 - DADOS FIXOS
Dados Fixos 231122s2016 bab 000 0 por d
020 ## - INTERNATIONAL STANDARD BOOK NUMBER
Nº do ISBN 9788560590131
040 ## - AGÊNCIA CATALOGADORA
Código da Agência Catalogadora BR-CuiBMT
Agência que transcreveu o registro BR-CuiBMT
080 ## - Nº DA CLASSIFICAÇÃO DECIMAL UNIVERSAL
Nº edição CDU 2007
Nº Class. CDU 351.94:336.148
090 ## - NÚMERO DE CHAMADA
Nº classificação 351.94:336.148
Cutter G635c
100 1# - ENTRADA PRINCIPAL -- AUTOR PESSOAL
Nome pessoal Gonçalves, André Luiz de Matos
245 #2 - TÍTULO PRINCIPAL
Título principal O controle coordenado da reserva do possível para o atendimento do mínimo existencial :
Subtítulo o papel dos tribunais de contas /
Indicação de responsabilidade André Luiz de Matos Gonçalves.
260 ## - PUBLICAÇÃO, DISTRIBUIÇÃO, ETC.
Local de publicação Lauro de Freitas(BA) :
Editora Jam Jurídica,
Data 2016.
300 ## - DESCRIÇÃO FÍSICA
N. páginas ou volumes 161 p.:
Dimensões 21 cm
504 ## - NOTA DE BIBLIOGRAFIA, ETC.
Nota de bibliografia Inclui bibliografia.
650 ## - ASSUNTO TÓPICO
Cabeçalho tópico ou nome geográfico Tribunal de contas
650 ## - ASSUNTO TÓPICO
Cabeçalho tópico ou nome geográfico Direitos humanos
650 ## - ASSUNTO TÓPICO
Cabeçalho tópico ou nome geográfico Direitos fundamentais
650 ## - ASSUNTO TÓPICO
Cabeçalho tópico ou nome geográfico Controle externo
942 ## - ELEMENTOS DE ENTRADA ADICIONAIS (KOHA)
Fonte de classificação ou esquema de arquivamento Classificação Decimal Universal
Tipo de item do Koha Livros
Holdings
Estado: removido Estado: perdido Fonte de classificação ou esquema de arquivamento Estado: danificado Indisponível para empréstimo Localização permanente Localização atual Data de aquisição Total Checkouts Número de Chamada completo Código de barras Date last seen Número do exemplar Preço efetivo a partir de Tipo de item (Koha)
    Classificação Decimal Universal     Biblioteca da Escola Superior de Contas do TCE/MT Biblioteca da Escola Superior de Contas do TCE/MT 22/11/2023   351.94:336.148 G635c BIBTCEMT23110905 22/11/2023 Ex. 1 22/11/2023 Livros

Powered by Koha